LIBRARY & INFORMATION CENTRE, KCAET, TAVANUR

ONLINE PUBLIC ACCESS CATALOGUE (OPAC)

Modern algebra: first course / (Record no. 9145)

MARC details
000 -LEADER
fixed length control field 00537cam a2200205ua 4500
041 ## - LANGUAGE CODE
Language code of text/sound track or separate title eng
082 ## - DEWEY DECIMAL CLASSIFICATION NUMBER
Classification number 512
Item number JOH/MO
100 ## - MAIN ENTRY--AUTHOR NAME
Personal name Johnson, Richard E .
245 ## - TITLE STATEMENT
Title Modern algebra: first course /
250 ## - EDITION STATEMENT
Edition statement 1 /
260 ## - PUBLICATION, DISTRIBUTION, ETC. (IMPRINT)
Place of publication London :
Name of publisher Addison-Wesley Publishing Company ,
Year of publication 1964.
300 ## - PHYSICAL DESCRIPTION
Number of Pages 628 ; .
700 1# - ADDED ENTRY--PERSONAL NAME
Personal name Lendsey, Lona Lee .
700 1# - ADDED ENTRY--PERSONAL NAME
Personal name Slesnick, William E .
942 ## - ADDED ENTRY ELEMENTS (KOHA)
Koha item type Books
Holdings
Withdrawn status Lost status Damaged status Home library Current library Date acquired Cost, normal purchase price Full call number Accession Number Koha item type
Withdrawn     KAUAET KAUAET 07/04/2012 22.50 512 7869 Books
free website counter